000 00759cam a22002534a 4500
008
020 _a0745316050 (pbk.)
049 _aMAIN
090 _aHC79.E5
_bMID
100 1 _aMiddleton, Neil.
245 1 0 _aRedefining sustainable development /
_cNeil Middleton and Phil O'Keefe.
260 _aLondon :
_bPluto Press,
_c2001.
300 _ax, 181 p. :
_bill. ;
_c22 cm.
500 _aIncludes index.
504 _aIncludes bibliographical references.
650 0 _aSustainable development.
650 0 _aNon-governmental organizations.
650 0 _aSocial classes.
907 _a.b10328014
_b19-03-13
_c04-03-13
003
005 20230123122001.0
040 _cNUST
942 _cBOOKS
_kHC79.E5
_mMID
999 _c125788
_d125788